Southville International School and Colleges
Your cart is empty.
  • Cart
  • Lists
    Public lists Eva Luna New books Lux_list list_1
    Your lists Log in to create your own lists
  • Log in to your account
  • Your cookies
  • Search history
Southville International School and Colleges
  • Advanced search
  • Recent comments
  • Most popular
  • Libraries

Log in to your account

Log in with GOOGLE


If you do not have an external account, but do have a local account, you can still log in:

  1. Home
  2. MARC view: Go Fish /
Normal view MARC view ISBD view

Go Fish / (Record no. 106265)

[ view plain ]
MARC details
000 -LEADER
fixed length control field 00416nam a2200169 a 4500
005 - DATE AND TIME OF LATEST TRANSACTION
control field 20140412111427.0
008 - FIXED-LENGTH DATA ELEMENTS--GENERAL INFORMATION
fixed length control field 090701s19uu xx 00 eng d
020 ## - INTERNATIONAL STANDARD BOOK NUMBER
International Standard Book Number 89-527-3869-1
050 ## - LIBRARY OF CONGRESS CALL NUMBER
Classification number TR(PS E
Item number Go53
100 ## - MAIN ENTRY--PERSONAL NAME
Personal name Kelly, L.R.
245 ## - TITLE STATEMENT
Title Go Fish /
Statement of responsibility, etc L.R. Kelly.
260 ## - PUBLICATION, DISTRIBUTION, ETC. (IMPRINT)
Place of publication, distribution, etc U.S.A :
Name of publisher, distributor, etc Pearson Education.
300 ## - PHYSICAL DESCRIPTION
Extent 8p.
440 ## - SERIES STATEMENT/ADDED ENTRY--TITLE
Title Scott foresman reading
650 ## - SUBJECT ADDED ENTRY--TOPICAL TERM
Topical term or geographic name as entry element Phonics
Holdings
Withdrawn status Lost status Damaged status Home library Current library Shelving location Date acquired Source of acquisition Total Checkouts Full call number Barcode Date last seen Price effective from Koha item type
      Elizalde Library Elizalde Library Teachers Reference Section 07/01/2009     TR(PS E Go53 E11508 04/12/2014 04/12/2014 Books

Go Fish /

APA

Kelly L., .Go Fish. U.S.A: Pearson Education.

Chicago

Kelly L.R, .Go Fish. U.S.A: Pearson Education.

Harvard

Kelly L., .Go Fish. U.S.A: Pearson Education.

MLA

Kelly L.R, .U.S.A: Pearson Education. .

  • Place hold
  • Print
  • Cite
  • Add to your cart (remove)
  • Save record
    BIBTEX Dublin Core MARCXML MARC (non-Unicode/MARC-8) MARC (Unicode/UTF-8) MARC (Unicode/UTF-8, Standard) MODS (XML) RIS
  • More searches
    Search for this title in:
    Other Libraries (WorldCat) Other Databases (Google Scholar) Online Stores (Bookfinder.com) Open Library (openlibrary.org)

Exporting to Dublin Core...

SOUTHVILLE LIBRARY

Southville International School and Colleges Library

1281 Tropical Ave. Cor. Luxembourg St., BF Homes International, Las Pinas City

Tel. No. 8256374 / 252358 Loc. 117/146

Powered by Koha